000 00725nam a2200289Ia 4500
005 20260324131633.0
008 008 260324s9999 xx 000 0 eng d
020 _a9781003578345
037 _aEBOOK
040 _aCRL
040 _beng
040 _cCRL
041 _2eng
041 _aeng
084 _qCRL
100 _aNurul Islam
_9256571
245 0 _aReducing Rural Poverty in Asia
245 0 _bChallenges and Opportunities for Microenterprises and Public Employment Schemes
260 _bTaylor and Francis
260 _c2006
365 _a
365 _b145
856 _uhttp://www.taylorfrancis.com/books/9781003578345
942 _cEBOOK
999 _c1783608
_d1783608